01695nam a2200373 a 4500001001000000003000500010005001700015008004100032010001100073011001100084040000900095090001000104100004700114245021900161260003900380500006000419502010500479590004100584590004000625590004000665590004000705650004800745650003400793650003400827650004100861650003100902856007000933901000701003942001001010942000601020999001901026952014001045952013601185000111515CHAP20220329144215.0150514s2014 mx a fsm |||||||spa d a107977 a108949 cCHAP aTesis1 aManrique Ascencio, Diana Alejandra912940213aLa educación ambiental con mujeres:h[En línea]buna estrategia para el desarrollo sustentable. El caso de las mujeres de la comunidad indígena de Colola, Michoacán /cpor Diana Alejandra Manrique Ascencio. aMorelia, Mich. :bEl autor,c2014. aPara ver el contenido del material haga clic en la liga aTesis (M. C. en Desarrollo Rural Regional) -- UACH. Dirección de Centros Regionales Universitarios aE11695DGDb10c20150515lUCH01h1004 aE6096MTMb05c20150514lUCH01h1103 aE6096MTMb05c20150514lUCH01h1104 aE6096MTMb05c20150514lUCH01h144014aDesarrollo sustentablezMichoacán.93210314aEducación ambiental.93555614aIndios de Michoacán.95761814aMujer en comunidades rurales.97936014aMujerzMichoacán.979353 aFinding aiduhttp://10.13.5.2/tesis/sist111515.pdfzTeclea aquí aBK cTESIS n0 c107977d107977 00102local4053708TESISaBCbBCcPA_TESISd2015-05-14fTESISl0oTesisp33724002485256r2019-12-31 00:00:00tc.2w2019-12-31yTESIS 00104054718TESISaBCbBCd2015-05-14fTESISl0oTesisp33724002485298r2019-12-31 00:00:00w2019-12-31yTESISzRecien adquirido